UBT Library

ON NE PEUT PAS ETRE HEUREUX TOUT LE TEMPS (Record no. 59878)

000 -LEADER
fixed length control field 00331nam a22001457a 4500
008 - FIXED-LENGTH DATA ELEMENTS--GENERAL INFORMATION
fixed length control field 230530b ||||| |||| 00| 0 eng d
020 ## - INTERNATIONAL STANDARD BOOK NUMBER
International Standard Book Number 9782213608198
041 ## - LANGUAGE CODE
Language code of text/sound track or separate title FRA
080 ## - UNIVERSAL DECIMAL CLASSIFICATION NUMBER
Universal Decimal Classification number 82
082 ## - DEWEY DECIMAL CLASSIFICATION NUMBER
Classification number 82GIR
100 ## - Rafti
Rafti 38
101 ## - Shkurtesa
Shkurtesa GJL
245 ## - TITLE STATEMENT
Title ON NE PEUT PAS ETRE HEUREUX TOUT LE TEMPS
Statement of responsibility, etc GIROUD .F
942 ## - ADDED ENTRY ELEMENTS (KOHA)
Source of classification or shelving scheme
Item type Books
Holdings
Withdrawn status Lost status Source of classification or shelving scheme Damaged status Not for loan Collection code Permanent location Current location Date acquired Total Checkouts Full call number Barcode Date last seen Price effective from Koha item type
          Koleksioni i përgjithshem UBT - Lipjan UBT - Lipjan 05/30/2023   82GIR 002-800080442 05/30/2023 05/30/2023 Books
          Koleksioni i përgjithshem UBT - Lipjan UBT - Lipjan 05/30/2023   82GIR 002-800080443 05/30/2023 05/30/2023 Books
          Koleksioni i përgjithshem UBT - Lipjan UBT - Lipjan 05/30/2023   82GIR 002-800080444 05/30/2023 05/30/2023 Books
UBT Library © 2015-2024. All rights reserved University Education for Business and Technology